| 000 | 00719cad a22002415a 4500 | ||
|---|---|---|---|
| 001 | L159763 | ||
| 008 | 150226s2016 xxk f 000 0 eng d | ||
| 035 | _a(Sirsi) u159763 | ||
| 041 | 0 | _aeng | |
| 100 | 1 |
_aHooper, Brendon _96168 |
|
| 245 | 0 | 0 | _aTrophy hunters |
| 260 | _c2016 | ||
| 490 |
_aModus _vJune 2016, 34-35 (2) |
||
| 520 | _aAsia-Pacific Investors have pushed volumes in Australia's business districts to record heights. | ||
| 590 | _aKA | ||
| 650 | 2 | 4 | _aOFFSHORE INVESTMENTS |
| 650 | 2 | 4 | _aPROPERTY-COMMERCIAL PROPERTY-COMMERCIAL PROPERTY FINANCE AND INVESTMENT |
| 650 | 2 | 4 |
_aInvestments _96250 |
| 651 | 4 | _aAsia Pacific | |
| 651 | 4 | _aAustralia | |
| 690 |
_aCommercial property _96227 |
||
| 942 | _n0 | ||
| 999 |
_c84968 _d84968 |
||